| 000 | 00570nam a2200217Ia 4500 | ||
|---|---|---|---|
| 003 | OSt | ||
| 005 | 20220107122656.0 | ||
| 008 | 130318s9999 xx 000 0 und d | ||
| 020 | _a9788131511046 | ||
| 040 | _cIIITMK | ||
| 082 | _a004 SHU/T | ||
| 100 |
_aShukla, Rajesh K. _911758 |
||
| 245 | _aTheory of computation | ||
| 260 |
_bCengage Learning India Pvt. Ltd., _aNew Delhi, _c2009. |
||
| 300 | _a296p. | ||
| 650 |
_aCOMPUTER SCIENCE _911759 |
||
| 650 |
_aCOMPUTING _911760 |
||
| 650 |
_aAUTOMATA THEORY _911761 |
||
| 650 |
_aSET THEORY _911762 |
||
| 942 |
_2ddc _cBK |
||
| 999 |
_c2298 _d2298 |
||